01011nam a22002657a 45000010005000000030006000050050017000110080041000280200018000690400029000870500011001160820010001271000023001372450051001602500025002112600051002363000051002874900031003385050008003695200278003775210020006555210020006756500019006957000031007144856FISKH20260326082104.0241018b cb ||||| |||| 00| 0 eng d a9780194234351 aFISKHbengcFISKHdFISKH aPE1128 a428.6 aLindop, Christine  aThe Girl with Red Hair / cby Christine Lindop aFirst published 2009 aNew York : bOxford University Press ;c2009 . a40 pages : bcolor illustrations ; c21 cm .  aOxford Bookworm vStarter  aF  aReading a complete story in English gives students a great sense of achievement -- and encourages them to read more. The Oxford Bookworms Library offers a variety of titles. The books are graded at six vocabulary levels ranging from 250 words (Starter) to 2,500 (Advanced).8 a300 bLexile 8 aF bRaz-Plus  adramavRomance aVicent, Matteillustrator